000 00623nam a2200193Ia 4500
005 20250508164839.0
008 008 250505s9999 xx 000 0 eng d
037 _aDissertations
040 _aFEDL
_beng
_cFEDL
041 _aeng
_2eng
084 _a371.97, MAN/DI
_qFEDL
100 _aMani Esther
_9779293
245 0 _aFreeship quota for children from the economically weaker sections - A critical study of the policy and its implementation
260 _c2008
300 _a162p.
546 _aM.Ed. Dissertation, (Delhi University)
942 _cDIS
_h371.97, MAN/DI
999 _c1391560
_d1391560